000 00626cab a22001935a 4500
001 L154998
008 120215e20120209xxk 000 0 eng d
035 _a(Sirsi) u154998
041 0 _aeng
100 1 _aFitzpatrick, Tom
245 0 0 _aHousebuilders may quit over reforms
260 _c2012
490 _aConstruction News
_v(7252) 9 February 2012, 13(1)
520 _aWarning that small companies will abandon industry over increasing burden of energy standards; an in depth look at 2013 building regulations part L.
590 _aKA
651 4 _aEngland
_y886-
690 _aBuilding regulations
_96224
942 _n0
999 _c83773
_d83773